US Independence Day Jokes Quiz Stats

 Plays Quiz Updated Jul 4, 2018

Also try: Religious Puns
Challenge
Share
Tweet
Embed
Score 0/16 Timer 05:00
10 Plays Today
% Correct
Nothing. It just waved.
97.2%
He thought they were revolting.
95.9%
To get to the other tide
94.8%
Chicken cacciatore
93.6%
Men, get in the boats.
93.1%
The Americans licked the British.
92.1%
The Spirit of '76
92.1%
Punsylvanians
91.7%
% Correct
Because freedom rings
91.4%
He was a Yankee doodler.
91.2%
The fodder of our country
90.9%
Liberty
90.8%
It cracked me up.
90.8%
At the bottom
90%
I don't know; I haven't heard the last report.
85%
The infantry
83.9%

You're not logged in!

Compare scores with friends on all Sporcle quizzes.
Join for Free
OR
Log In

You Might Also Like...

Show Comments

Extras

Top Quizzes Today


Score Distribution

Your Account Isn't Verified!

In order to create a playlist on Sporcle, you need to verify the email address you used during registration. Go to your Sporcle Settings to finish the process.

Report this User

Report this user for behavior that violates our Community Guidelines.

Details: